000 00869cam a22002897a 4500
003 CHAP
005 20220329140638.0
008 971013s r 00010 d
010 _a55281
011 _a56253
035 _a60406
040 _cCHAP
082 _a338.47663
_bS47
100 0 0 _aSerrano, Alberto.
_9105258
245 1 3 _aLa industria del whiskey en México
260 _aMéxico, D.F. :
_bBanco de México,
_c(s.a.)
300 _a56 p.
490 0 _aInformes preliminares
_v; 47
590 _aBATCH-UPD
_b10
_c20130110
_lUCH01
_h1404
590 _aCONVERSION
_b10
_c20130109
_lUCH01
_h1330
650 1 4 _aLicores.
_966717
830 0 _aInformes preliminares
_v; 47
_958150
901 _aBK
942 _cLIBRO
949 _a338.47663 S47
_bBC
_cBPA
_d-130243
_eBPA
_fc.2
_h5695
_i60406
_si
949 _a338.47663 S47
_bBC
_cLIBRO
_d-130242
_eLIBRO
_h5998
_i60406
_si
999 _c55281
_d55281